2000 1062 1264 1519 1563 1053 1870 1011 1003 1646 1340 1946 1558 1888 1377 1052 1846 1912 1971 1057 1405 1452 1865 1012 1934 1711 1037 1456 1127 1151 1389 1882 1318 1344 1224 1822 1512 1904 1738 1245 1575 1947 1614 1208 1746 1245 1563 1370 1921 1169 1114 1773 1265 1003 1592 1675 1206 1780 1023 1561 1348 1905 1933 1793 1988 1997 1954 1729 1445 1222 1983 1204 1519 1008 1974 1311 1374 1233 1490 1159 1987 1580 1926 1159 1042 1407 1278 1213 1596 1339 1790 1891 1867 1471 1148 1836 1787 1075 1725 BCNSPRNW ULIB Ver.6.0+V

เปลี่ยนเป็นภาษาไทย

Change to English
 แสดงรายละเอียดบรรณานุกรม
  กลับหน้าหลัก

Brief Record : Get Marc (ISO 2709) : E-mail record : QR code < ปิดหน้าต่าง
LEADER : 00000nam 2200000uu 4500
001    13399128823
003     ULIB
008    241009s2565||||th 000 0 tha d
020    ^a9786167150994
060 04 ^aWA31^bค989ว
100 1  ^aไคลน์แมน, อาเธอร์
245 10 ^aวิญญาณของการดูแล :^bการบ่มเพาะทางศีลธรรมของแพทย์คนหนึ่ง = Thesoul of care : the moral education of a doctor /^cอาเธอร์ไคลน์แมน ; เนาวนิจ สิริผาติวิรัตน์, แปล ; สายพิณ ศุพุทธมงคล,บรรณาธิการบทแปล
246 31 ^aThe soul of care :^bthe moral education of a doctor
250    ^aพิมพ์ครั้งที่ 1
260    ^aกรุงเทพฯ :^bมูลนิธิเพื่อการศึกษาประชาธิปไตยและการพัฒนาโครงการจัดพิมพ์คบไฟ,^c2565
300    ^a(9), 228 หน้า ;^c21 ซม.
504    ^aมีบรรณานุกรม
650  4 ^aการแพทย์กับสังคม
650  4 ^aจรรยาแพทย์
650  4 ^aผู้ป่วย^xการดูแล
700 0  ^aเนาวนิจ สิริผาติวิรัตน์,^eผู้แปล
700 0  ^aสายพิณ ศุพุทธมงคล,^eบรรณาธิการบทแปล
700 12 ^aKleinman, Arthur.^tThe soul of care : the moral educationof a doctor
710 2  ^aมูลนิธิเพื่อการศึกษาประชาธิปไตยและการพัฒนา
945    ^p330^l0^i011000
945    ^p330^l0^i011001
945    ^p330^l0^i011002
999    ^aประนอม เกษจรัล
รายการนี้ยังไม่มีแท็ก
คุณยังไม่ได้ล็อกอิน คุณสามารถมีกิจกรรมร่วมกับเว็บไซต์ได้ แต่ต้องล็อกอินก่อน ::
  ล็อกอิน

รายการสื่อสารสนเทศ

ลำดับที่ ประเภท เลขเรียก/บาร์โค้ด สถานที่ สถานะ
1. วิทยาศาสตร์การแพทย์ และสุขภาพ
หนังสือสำรอง
สถานะ=หนังสือสำรอง
WA31 ค989ว ฉ.1 
  Barcode: 011000
ห้องสมุดวิทยาเขตสวรรค์ประชารักษ์
►หนังสือทั่วไป
บนชั้น
2. วิทยาศาสตร์การแพทย์ และสุขภาพ
วิทยาศาสตร์การแพทย์ และสุขภาพ
WA31 ค989ว ฉ.2 
  Barcode: 011001
ห้องสมุดวิทยาเขตสวรรค์ประชารักษ์
►หนังสือทั่วไป
บนชั้น
3. วิทยาศาสตร์การแพทย์ และสุขภาพ
วิทยาศาสตร์การแพทย์ และสุขภาพ
WA31 ค989ว ฉ.3 
  Barcode: 011002
ห้องสมุดวิทยาเขตสวรรค์ประชารักษ์
►หนังสือทั่วไป
บนชั้น

รายการใกล้เคียง
    ผู้แต่ง [ไคลน์แมน, อาเธอร์]

    หัวเรื่อง [การแพทย์กับสังคม]
    หัวเรื่อง [จรรยาแพทย์]
    หัวเรื่อง [ผู้ป่วย การดูแล]

BibComment


ยังไม่เคยถูกคอมเมนท์

คอมเมนท์ทรัพยากรรายการนี้
  คอมเมนท์: วิญญาณของการดูแล..


 Copyright 2026. Bcnsprnw @Library